ARRUPE JESUIT UNIVERSITY

CORONAVIRUS -STOP THE SPREAD - CLEAN,DISINFECT,COVER

The prophets and the word of God (Record no. 41772)

MARC details
000 -LEADER
fixed length control field 00550nam a2200205Ia 4500
003 - CONTROL NUMBER IDENTIFIER
control field 0100
008 - FIXED-LENGTH DATA ELEMENTS--GENERAL INFORMATION
fixed length control field 130303s9999 xx 000 0 und d
040 ## - CATALOGING SOURCE
Transcribing agency ARRUPELIB
050 ## - LIBRARY OF CONGRESS CALL NUMBER
Classification number BS1505.2S8
100 ## - MAIN ENTRY--PERSONAL NAME
Personal name Stuhmeeller, Carroll
245 #4 - TITLE STATEMENT
Title The prophets and the word of God
260 ## - PUBLICATION, DISTRIBUTION, ETC. (IMPRINT)
Place of publication, distribution, etc Notre Dame, Ind.
260 ## - PUBLICATION, DISTRIBUTION, ETC. (IMPRINT)
Name of publisher, distributor, etc Fides
260 ## - PUBLICATION, DISTRIBUTION, ETC. (IMPRINT)
-- 1964
300 ## - PHYSICAL DESCRIPTION
Extent 324p
650 ## - SUBJECT ADDED ENTRY--TOPICAL TERM
Topical term following geographic name as entry element Vatican Council (2nd) -- Decrees -- Commentaries
650 ## - SUBJECT ADDED ENTRY--TOPICAL TERM
Location of event Catholic Church Liturgy
700 ## - ADDED ENTRY--PERSONAL NAME
Personal name with a foreword by Bernard Cooke , Cooke, Bernard
942 00 - ADDED ENTRY ELEMENTS (KOHA)
Koha issues (borrowed), all copies 4
Holdings
Withdrawn status Lost status Source of classification or shelving scheme Damaged status Not for loan Collection code Home library Current library Shelving location Date acquired Total Checkouts Full call number Barcode Date last seen Date checked out Copy number Price effective from Koha item type
    Library of Congress Classification     Main Collection ARRUPE LIBRARY ARRUPE LIBRARY   04/03/2013 9 BS1505.2S8 46003090500 20/02/2020 18/02/2020 1 04/03/2013 Monograph ( Printed materials)

 

Arrupe Library. PO Box MP320 Mt Pleasant, Harare, Zimbabwe
263 242 745411|librarian@aju.ac.zw